Quick Pick: Shark or Not? Quiz Stats

 Plays Quiz Updated Aug 23, 2016

Challenge
Share
Tweet
Embed
Score 0/15 Timer 01:00
0 Plays Today
% Correct
Tiger
96.4%
Silvertip
90.4%
Hammerhead
90%
Great White
89.8%
Pygmy
87.2%
Zebra
85.3%
Whale
84.1%
Sand Devil
79.9%
% Correct
Milk
73.1%
Cow
71.7%
Carpet
66.4%
Pocket
63.5%
Cat
61.2%
Prickly
57.3%
Balloon
57%

Today's Daily Dose

You're not logged in!

Compare scores with friends on all Sporcle quizzes.
Join for Free
OR
Log In

You Might Also Like...

Show Comments

Extras

Top Quizzes Today


Score Distribution

Your Account Isn't Verified!

In order to create a playlist on Sporcle, you need to verify the email address you used during registration. Go to your Sporcle Settings to finish the process.

Report this User

Report this user for behavior that violates our Community Guidelines.

Details: